000 00578nam a2200169Ia 4500
008 090711s9999 xx 000 0 und d
082 _b76113
100 _aशिरवाडकर विश्राम
245 _aिंSाात्नगाथा
260 _bपृथ्वी प्रकाशन
_c1992
300 _a110
600 _aशिरवाडकर विश्राम
630 _aिंSाात्नगाथा
700 _aशिरवाडकर विश्राम
730 _aिंSाात्नगाथा
942 _cBOOK
999 _c329608
_d329608